| 000 | 00404nam a22001457a 4500 | ||
|---|---|---|---|
| 005 | 20250117113813.0 | ||
| 008 | 250117b |||||||| |||| 00| 0 eng d | ||
| 020 | _a9788189093143 | ||
| 050 |
_aHG 151 FRE _b1 |
||
| 100 | _aFredrick, Alexander | ||
| 245 | _aLutus illustrated dictionary of banking finance and accounting | ||
| 260 |
_aNew Delhi _bLutus Press _c2006 |
||
| 300 | _a208p, | ||
| 942 |
_2lcc _cBK _n0 |
||
| 999 |
_c2614 _d2614 |
||